| 000 | 01049nam a2200253 i 4500 | ||
|---|---|---|---|
| 003 | IT-RoINE | ||
| 005 | 20190722051316.0 | ||
| 008 | 990629s1999 it |||||r |||0|||ita d | ||
| 020 | _a8881147513 | ||
| 040 | _aIT-RoINE | ||
| 041 | 7 |
_aita _2ISO-639-2 |
|
| 100 | 1 |
_aCioppi, Giancarlo _961645 |
|
| 245 | 1 | 0 |
_aTra eguaglianza e libertà : _bcontributo ad una disciplina giuridica del fenomeno religioso / _cGiancarlo Cioppi. |
| 260 |
_aNapoli : _bEdizioni scientifiche italiane, _c1999. |
||
| 300 |
_a127 p. ; _c23 cm. |
||
| 336 |
_2rdacontent _atext |
||
| 337 |
_2rdamedia _aunmediated |
||
| 338 |
_2rdacarrier _avolume |
||
| 490 | 1 |
_aPubblicazioni della Facoltà di giurisprudenza e della Facoltà di scienze politiche / Universitá degli studi di Urbino. N. s. ; ; _v4 |
|
| 504 | _aBibliografía en notas. | ||
| 650 | 4 |
_aLibertad religiosa _xDerecho _zItalia _961646 |
|
| 830 | 0 |
_aPubblicazioni della Facoltà di giurisprudenza e della Facoltà di scienze politiche (Università degli studi di Urbino). _pNuova serie ; _v4 _961647 |
|
| 942 | _cMTS | ||
| 999 |
_c31433 _d31433 |
||